书目信息 |
| 题名: |
勃朗特姐妹研究
|
|
| 作者: | ;杨静远 编选 ;中国社科院外国文学研究所外国文学研究资料丛刊编委会 编 | |
| 分册: | ||
| 出版信息: | 北京 中国社会科学出版社 1983 |
|
| 页数: | 628页 | |
| 开本: | 21cm | |
| 丛书名: | 外国文学研究资料丛刊 | |
| 单 册: | ||
| 中图分类: | I561.074 | |
| 科图分类: | ||
| 主题词: | 小说--文学研究--英国 , 小说--文学评论--英国 | |
| 电子资源: | ||
| ISBN: | ||
| 000 | 00983nam2 2200277 45 | |
| 001 | 0183010489 | |
| 005 | 20041223102513.5 | |
| 010 | @dCNY2.30 | |
| 091 | @a10190.136 | |
| 100 | @a19950930d1983 em y0chiy0121 ea | |
| 101 | 0 | @achi |
| 102 | @aCN@b110000 | |
| 105 | @ay z 000zd | |
| 200 | 10 | @a勃朗特姐妹研究@Abo lang te jie mei yan jiu@f中国社科院外国文学研究所外国文学研究资料丛刊编委会编@FZhong Guo She Ke Yuan Wai Guo Wen Xue Yan Jiu Suo Wai Guo Wen Xue Yan Jiu Zi Liao Cong Kan Bian Wei Hui Bian@g杨静远编选 |
| 210 | @a北京@c中国社会科学出版社@d1983 | |
| 215 | @a628页@d21cm | |
| 225 | 2 | @a外国文学研究资料丛刊 |
| 410 | 0 | @120010@a外国文学研究资料丛刊 |
| 606 | @a小说@x文学研究@y英国 | |
| 606 | 0 | @a小说@x文学评论@y英国 |
| 690 | @aI561.074@v3 | |
| 702 | 0 | @a杨静远@AYang Jing Yuan@4编选 |
| 711 | 02 | @a中国社科院外国文学研究所外国文学研究资料丛刊编委会@4编 |
| 801 | 0 | @aCN@b上海图书馆@c20040409 |
| 801 | 2 | @aCN@bNLC@c20040409 |
| 905 | @dI561.074@e117@f1@b160774 | |
| 勃朗特姐妹研究/中国社科院外国文学研究所外国文学研究资料丛刊编委会编/杨静远编选.-北京:中国社会科学出版社,1983 |
| 628页;21cm.-(外国文学研究资料丛刊) |
| ISBN :CNY2.30 |
| ● |
| 相关链接 |
|
|
|
|
正题名:勃朗特姐妹研究
索取号:I561.074/117
 
预约/预借
| 序号 | 登录号 | 条形码 | 馆藏地/架位号 | 状态 | 备注 |
| 1 | 0109183 | 000679983 | 第二借阅区/ [索取号:I561.074/117] | 在馆 | |
| 2 | 0109184 | 000680141 | 第一样本阅览室/ [索取号:I561.074/117] | 在馆 | |
| 3 | 0160774 | 001967964 | 第二借阅区/ [索取号:I561.074/117] | 在馆 | |
| 4 | 0160775 | 001967483 | 第二借阅区/ [索取号:I561.074/117] | 在馆 | |
| 5 | 0160776 | 000680150 | 第二借阅区/ [索取号:I561.074/117] | 在馆 |